Sports Quiz

Random Sports or WWE Quiz

WWE Champions in 2008 Quiz Stats

 Plays Quiz not verified by Sporcle

Also try: Baseball Last Time
Challenge
Share
Tweet
Embed
Score 0/48 Timer 05:00
0 Plays Today
Hint Answer % Correct
World Heavyweight ChampionshipJohn Cena
98.2%
World Tag Team ChampionshipJohn Cena
98.2%
WWE ChampionshipEdge
95.9%
World Heavyweight ChampionshipEdge
95.9%
World Heavyweight ChampionshipEdge
95.9%
WWE ChampionshipTriple H
95.6%
WWE ChampionshipRandy Orton
94%
WWE ChampionshipJeff Hardy
92%
ECW World ChampionshipMatt Hardy
92%
Intercontinental ChampionshipJeff Hardy
92%
United States ChampionshipMatt Hardy
92%
World Heavyweight ChampionshipUndertaker
90.8%
ECW World ChampionshipKane
90.4%
World Heavyweight ChampionshipCM Punk
89.9%
ECW World ChampionshipCM Punk
89.9%
World Tag Team ChampionshipCM Punk
89.9%
World Heavyweight ChampionshipBatista
88.3%
World Tag Team ChampionshipBatista
88.3%
World Heavyweight ChampionshipChris Jericho
88.1%
World Heavyweight ChampionshipChris Jericho
88.1%
Intercontinental ChampionshipChris Jericho
88.1%
World Tag Team ChampionshipThe Miz
85.6%
WWE Tag Team ChampionshipThe Miz
85.6%
World Tag Team ChampionshipJohn Morrison
81.9%
Hint Answer % Correct
WWE Tag Team ChampionshipJohn Morrison
81.9%
ECW World ChampionshipMark Henry
81.4%
United States ChampionshipMVP
79.8%
Intercontinental ChampionshipKofi Kingston
77.3%
World Tag Team ChampionshipKofi Kingston
77.3%
Divas ChampionshipMichelle McCool
76.6%
ECW World ChampionshipChavo Guerrero
75.9%
Women's ChampionshipMickie James
75.2%
Women's ChampionshipBeth Phoenix
70.9%
Women's ChampionshipBeth Phoenix
70.9%
WWE Tag Team ChampionshipCarlito
65.1%
World Tag Team ChampionshipCody Rhodes
62.6%
World Tag Team ChampionshipCody Rhodes
62.6%
World Tag Team ChampionshipCody Rhodes
62.6%
WWE Tag Team ChampionshipPrimo
62.2%
United States ChampionshipShelton Benjamin
61.9%
World Tag Team ChampionshipTed DiBiase Jr
61.2%
World Tag Team ChampionshipTed DiBiase Jr
61.2%
Intercontinental ChampionshipSantino Marella
56.7%
World Tag Team ChampionshipHardcore Holly
56.7%
Intercontinental ChampionshipWilliam Regal
51.8%
Divas ChampionshipMaryse
51.6%
WWE Tag Team ChampionshipZack Ryder
39.7%
WWE Tag Team ChampionshipCurt Hawkins
38.5%

You're not logged in!

Compare scores with friends on all Sporcle quizzes.
Join for Free
OR
Log In

You Might Also Like...

Show Comments

Extras

Top Quizzes Today


Score Distribution

Your Account Isn't Verified!

In order to create a playlist on Sporcle, you need to verify the email address you used during registration. Go to your Sporcle Settings to finish the process.

Report this User

Report this user for behavior that violates our Community Guidelines.

Details: